00554nam a2200181Ia 4500003000900000008004100009020001800050040001600068080001600084100001500100245009100115260004600206300001500252490005400267650001200321650002000333650001900353IN-BaIIA211028s9999 xx 000 0 eng d a4-8337-0013-1 cIIA Library a621.38bKUO aKuo, B. C. 0aDigital control systemscB. C. Kuo  aNew YorkbHolt Rinehard and Winstonc1980 axiv, 730p. aHRW series in electrical and computer engineering aControl aDigital systems aNASA thesaurus